|
|
|
|
| LEADER |
02044nam a2200445 i 4500 |
| 001 |
EBC5287799 |
| 003 |
MiAaPQ |
| 005 |
20200520144314.0 |
| 006 |
m o d | |
| 007 |
cr cnu|||||||| |
| 008 |
180301t19951995gw a ob 001 0 ger d |
| 020 |
|
|
|z 9783486560848
|
| 020 |
|
|
|a 9783486594300 (e-book)
|
| 035 |
|
|
|a (MiAaPQ)EBC5287799
|
| 035 |
|
|
|a (Au-PeEL)EBL5287799
|
| 035 |
|
|
|a (CaPaEBR)ebr11511093
|
| 035 |
|
|
|a (OCoLC)1023551720
|
| 040 |
|
|
|a MiAaPQ
|b eng
|e rda
|e pn
|c MiAaPQ
|d MiAaPQ
|
| 043 |
|
|
|a e-gx---
|
| 050 |
|
4 |
|a DD220
|b .D488 1995
|
| 082 |
0 |
|
|a 943.08
|2 20
|
| 245 |
0 |
4 |
|a Das Deutsche Reich im Urteil der grossen Machte und europaischen Nachbarn (1871-1945) /
|c herausgegeben von Klaus Hildebrand ; unter Mitarbeit von Elisabeth Muller-Luckner.
|
| 264 |
|
1 |
|a Munchen, [Germany] :
|b R. Oldenbourg Verlag,
|c 1995.
|
| 264 |
|
4 |
|c 1995
|
| 300 |
|
|
|a 1 online resource (242 pages) :
|b illustrations.
|
| 336 |
|
|
|a text
|2 rdacontent
|
| 337 |
|
|
|a computer
|2 rdamedia
|
| 338 |
|
|
|a online resource
|2 rdacarrier
|
| 490 |
1 |
|
|a Schriften des Historischen Kollegs. Kolloquien ;
|v 33
|
| 504 |
|
|
|a Includes bibliographical references and index.
|
| 588 |
|
|
|a Description based on print version record.
|
| 590 |
|
|
|a Electronic reproduction. Ann Arbor, MI : ProQuest, 2018. Available via World Wide Web. Access may be limited to ProQuest affiliated libraries.
|
| 651 |
|
0 |
|a Germany
|x History
|y 1871-
|x Foreign public opinion
|v Congresses.
|
| 655 |
|
4 |
|a Electronic books.
|
| 700 |
1 |
|
|a Hildebrand, Klaus,
|e editor.
|
| 700 |
1 |
|
|a Muller-Luckner, Elisabeth,
|e contributor.
|
| 776 |
0 |
8 |
|i Print version:
|t Deutsche Reich im Urteil der grossen Machte und europaischen Nachbarn (1871-1945)
|d Munchen, [Germany] : R. Oldenbourg Verlag, c1995
|h viii, 232 pages
|k Schriften des Historischen Kollegs. Kolloquien ; 33.
|z 9783486560848
|w 95228315
|
| 797 |
2 |
|
|a ProQuest (Firm)
|
| 830 |
|
0 |
|a Schriften des Historischen Kollegs.
|p Kolloquien ;
|v 33.
|
| 856 |
4 |
0 |
|u https://ebookcentral.proquest.com/lib/matrademy/detail.action?docID=5287799
|z Click to View
|